[Event "Skakligaen 2023-24"]
[Site "Denmark"]
[Date "2024.01.27"]
[Round "5.4"]
[Board "4"]
[White "Bank, Pelle Rodkjaer"]
[Black "Jacobsen, Mikkel Manosri"]
[Result "0-1"]
[WhiteElo "2282"]
[BlackElo "2337"]
[PlyCount "80"]
[WhiteTeam "SK1968"]
[BlackTeam "BMS"]
[EventDate "2023.10.28"]
[EventType "team-tourn"]
[EventRounds "9"]
[EventCountry "DEN"]
[SourceTitle "Live v. Kasper Jerwiarz"]
[Table "4"]

1. e4 c5 2. Nc3 Nc6 3. Nge2 Nd4 4. d3 g6 5. h4 h6 
6. Nxd4 cxd4 7. Ne2 Bg7 8. c3 dxc3 9. Nxc3 e6 10. d4 Ne7 
11. Be3 d5 12. Bd3 dxe4 13. Bxe4 Bd7 14. O-O Bc6 15. Bxc6+ bxc6 
16. h5 g5 17. Qa4 O-O 18. Rac1 Rb8 19. b3 a5 20. Rfd1 Rb4 
21. Qa3 Nf5 22. Ne2 Qd5 23. Rc5 Qe4 24. Nc3 Qg4 25. Qxa5 Nh4 
26. g3 Rxd4 27. Bxd4 Bxd4 28. Rxd4 Nf3+ 29. Kg2 Nxd4 30. Rc4 Qf3+ 
31. Kg1 Qd3 32. Qb6 Nf3+ 33. Kg2 Nd2 34. Qe3 Qxe3 35. fxe3 Nxc4 
36. bxc4 Rd8 37. Kf3 Rd3 38. Ne2 c5 39. g4 Ra3 40. Ng3 Ra4 
0-1

[Event "Skakligaen 2023-24"]
[Site "Denmark"]
[Date "2024.01.27"]
[Round "5.5"]
[Board "5"]
[White "Rostgaard, Tobias Valentin"]
[Black "Hansen, Lars"]
[Result "1-0"]
[WhiteElo "2319"]
[BlackElo "2226"]
[PlyCount "176"]
[WhiteTeam "BMS"]
[BlackTeam "SK1968"]
[EventDate "2023.10.28"]
[EventType "team-tourn"]
[EventRounds "9"]
[EventCountry "DEN"]
[SourceTitle "Live v. Kasper Jerwiarz"]
[Table "5"]

1. d4 e6 2. c4 b6 3. Nf3 Bb7 4. Nc3 Nf6 5. g3 Be7 
6. Bg2 O-O 7. O-O Ne4 8. Qc2 Nxc3 9. bxc3 Qc8 10. e4 d6 
11. e5 Nd7 12. Bf4 dxe5 13. dxe5 Nc5 14. Rad1 Be4 15. Qe2 Qb7 
16. Rd4 Rad8 17. Re1 Bc6 18. Bc1 Na4 19. Qd3 Nc5 20. Qe3 f5 
21. Ba3 Qa6 22. Bb4 Qa4 23. Rxd8 Rxd8 24. Nd4 Bxg2 25. Kxg2 a5 
26. Bxc5 bxc5 27. Ne2 Qxa2 28. Nf4 Qxc4 29. h4 a4 30. Qf3 Qa6 
31. c4 Kf7 32. Qh5+ Kg8 33. Qf3 g6 34. Kh2 Kf7 35. g4 Qa8 
36. Qg3 Rd4 37. gxf5 exf5 38. Rg1 Ke8 39. f3 Qc6 40. Rb1 Rd2+ 
41. Kh3 a3 42. Nd5 a2 43. Rb8+ Kf7 44. Qe1 Rxd5 45. cxd5 Qxd5 
46. Kg2 Qc4 47. Qd1 f4 48. Ra8 h5 49. Ra4 Qc3 50. Qd5+ Kg7 
51. Rxa2 Bxh4 52. Qd7+ Kh6 53. Qe8 Qe1 54. Qh8+ Kg5 55. Qf6+ Kh6 
56. Qxf4+ Bg5 57. Qf8+ Kh7 58. Qf7+ Kh6 59. Qe8 Be3 60. Qh8+ Kg5 
61. Qf6+ Kh6 62. Kh3 Qh1+ 63. Rh2 Qf1+ 64. Rg2 Qh1+ 65. Kg3 Kh7 
66. f4 Qc1 67. Kf3 Qf1+ 68. Kxe3 Qxg2 69. e6 Qh3+ 70. Kd2 Qg2+ 
71. Kc3 Qf3+ 72. Kc4 c6 73. Kxc5 Qd5+ 74. Kb6 Qd6 75. Qf7+ Kh6 
76. Qd7 Qb4+ 77. Ka7 Qa4+ 78. Kb7 Qb4+ 79. Kc8 Qf8+ 80. Qd8 Qxf4 
81. e7 Qf5+ 82. Qd7 Qa5 83. e8=Q Qa8+ 84. Kc7 Qa7+ 85. Kd8 Qb8+ 
86. Ke7 Qe5+ 87. Qe6 Qg5+ 88. Kd7 Qd2+ 1-0

[Event "Skakligaen 2023-24"]
[Site "Denmark"]
[Date "2024.01.27"]
[Round "5.6"]
[Board "6"]
[White "Rewitz, Poul"]
[Black "Vesterli, Michael E"]
[Result "1-0"]
[WhiteElo "2221"]
[BlackElo "2201"]
[PlyCount "69"]
[WhiteTeam "SK1968"]
[BlackTeam "BMS"]
[EventDate "2023.10.28"]
[EventType "team-tourn"]
[EventRounds "9"]
[EventCountry "DEN"]
[SourceTitle "Live v. Kasper Jerwiarz"]
[Table "6"]

1. g3 d5 2. Bg2 e5 3. Nf3 Nc6 4. d4 e4 5. Ne5 Bd6 
6. Nxc6 bxc6 7. c4 Nf6 8. Nc3 O-O 9. Bg5 Be7 10. Qa4 Rb8 
11. Rb1 Rb4 12. Qxa7 Rxc4 13. O-O c5 14. dxc5 Bxc5 15. Qa8 c6 
16. Na4 Bd4 17. e3 Be5 18. Rfc1 Rb4 19. b3 Bd7 20. Qxd8 Rxd8 
21. Bf4 Bxf4 22. gxf4 Kf8 23. Nc5 Ke7 24. Rb2 Ra8 25. Rbc2 Rb6 
26. a4 Kd6 27. Bf1 Ra5 28. h4 Bc8 29. b4 Rxb4 30. Nxe4+ dxe4 
31. Rxc6+ Ke7 32. Rxc8 Rbxa4 33. R8c7+ Ke8 34. Rb1 Nd7 35. Rbb7 1-0

[Event "Skakligaen 2023-24"]
[Site "Denmark"]
[Date "2024.01.27"]
[Round "5.7"]
[Board "7"]
[White "Akdag, Dara Sevkan"]
[Black "Moller, Morten Kock"]
[Result "0-1"]
[WhiteElo "2176"]
[BlackElo "2231"]
[PlyCount "60"]
[WhiteTeam "BMS"]
[BlackTeam "SK1968"]
[EventDate "2023.10.28"]
[EventType "team-tourn"]
[EventRounds "9"]
[EventCountry "DEN"]
[SourceTitle "Live v. Kasper Jerwiarz"]
[Table "7"]

1. f4 d5 2. Nf3 c5 3. g3 g6 4. Bg2 Bg7 5. O-O Nc6 
6. d3 Nf6 7. c3 O-O 8. a4 d4 9. e4 dxe3 10. Bxe3 b6 
11. Ne5 Nxe5 12. Bxa8 Nxd3 13. Qd2 Bh3 14. Bg2 Bxg2 15. Qxg2 Ng4 
16. Bc1 Nxc1 17. Rxc1 Bd4+ 18. Kh1 Nf2+ 19. Kg1 Nd3+ 20. Kf1 Nxc1 
21. cxd4 Nb3 22. Ra3 Qxd4 23. Qf3 c4 24. Qe2 e5 25. fxe5 Re8 
26. Nc3 Rxe5 27. Qc2 Rf5+ 28. Kg2 Nd2 29. Ra1 Qf2+ 30. Kh1 Rh5 
0-1

[Event "Skakligaen 2023-24"]
[Site "Denmark"]
[Date "2024.01.27"]
[Round "5.8"]
[Board "8"]
[White "Pedersen, Gunnar"]
[Black "Brorsen, Jacob Abildlund"]
[Result "1-0"]
[WhiteElo "2201"]
[BlackElo "2147"]
[PlyCount "85"]
[WhiteTeam "SK1968"]
[BlackTeam "BMS"]
[EventDate "2023.10.28"]
[EventType "team-tourn"]
[EventRounds "9"]
[EventCountry "DEN"]
[SourceTitle "Live v. Kasper Jerwiarz"]
[Table "8"]

1. d4 d5 2. c4 c6 3. cxd5 cxd5 4. Bg5 Nc6 5. Nc3 Nf6 
6. Bxf6 gxf6 7. e3 Qa5 8. Nge2 Bg4 9. h3 Bxe2 10. Bxe2 e6 
11. O-O Bd6 12. Rc1 f5 13. Qa4 Ke7 14. Bb5 Qxa4 15. Nxa4 Na5 
16. Nc5 Rhc8 17. Rfd1 a6 18. Be2 Bxc5 19. dxc5 Nc6 20. Kh2 a5 
21. a3 Ne5 22. Bb5 Nd7 23. Bxd7 Kxd7 24. g4 fxg4 25. hxg4 Kc6 
26. Kg3 Rg8 27. Rh1 Rg7 28. Rh6 Rag8 29. f3 a4 30. Kf4 Kd7 
31. e4 dxe4 32. Kxe4 Rc8 33. Rd1+ Ke7 34. Rh5 f5+ 35. gxf5 exf5+ 
36. Rxf5 Rg6 37. Re5+ Re6 38. Rxe6+ Kxe6 39. Rd6+ Kf7 40. Rd7+ Kg6 
41. Kd5 Rb8 42. Kd6 h5 43. Kc7 1-0

[Event "Skakligaen 2023-24"]
[Site "Denmark"]
[Date "2024.01.27"]
[Round "5.1"]
[Board "1"]
[White "Bjerre, Jonas Buhl"]
[Black "Thybo, Jesper Sondergaard"]
[Result "1-0"]
[WhiteElo "2641"]
[BlackElo "2533"]
[PlyCount "71"]
[WhiteTeam "Skanderborg"]
[BlackTeam "Hillerod"]
[EventDate "2023.10.28"]
[EventType "team-tourn"]
[EventRounds "9"]
[EventCountry "DEN"]
[SourceTitle "Live v. Kasper Jerwiarz"]
[Table "1"]

1. e4 c5 2. Nf3 Nc6 3. Bc4 e6 4. O-O d6 5. Re1 Nf6 
6. Bb5 Bd7 7. c3 Ne5 8. Bxd7+ Nfxd7 9. d4 Nxf3+ 10. Qxf3 cxd4 
11. cxd4 Be7 12. Qg3 O-O 13. Bh6 Bf6 14. Nc3 Kh8 15. Bf4 Bh4 
16. Qh3 Be7 17. Rad1 Rc8 18. Rd3 Rc4 19. Qh5 Nf6 20. Qe2 Qa5 
21. Bd2 Qa6 22. e5 dxe5 23. dxe5 Ng8 24. Rh3 h6 25. Ne4 Rd8 
26. Bc3 Ra4 27. Qf3 Qc6 28. g4 b5 29. a3 b4 30. axb4 Bxb4 
31. g5 Bxc3 32. bxc3 Qd5 33. Qf4 Ra5 34. gxh6 Qxe5 35. hxg7+ Kxg7 
36. Rg3+ 1-0

[Event "Skakligaen 2023-24"]
[Site "Denmark"]
[Date "2024.01.27"]
[Round "5.2"]
[Board "2"]
[White "Hansen, Sune Berg"]
[Black "Svane, Rasmus"]
[Result "0-1"]
[WhiteElo "2511"]
[BlackElo "2637"]
[PlyCount "148"]
[WhiteTeam "Hillerod"]
[BlackTeam "Skanderborg"]
[EventDate "2023.10.28"]
[EventType "team-tourn"]
[EventRounds "9"]
[EventCountry "DEN"]
[SourceTitle "Live v. Kasper Jerwiarz"]
[Table "2"]

1. e4 e5 2. Nf3 Nc6 3. d4 exd4 4. Nxd4 Qf6 5. Nf3 Bb4+ 
6. Nbd2 Nge7 7. Be2 O-O 8. O-O Bc5 9. a4 d6 10. Nb3 Qg6 
11. e5 h6 12. Re1 Rd8 13. Bd3 Qh5 14. h3 Be6 15. exd6 Bxd6 
16. Nbd4 Bd5 17. Bd2 a6 18. Bc3 Re8 19. Be2 Rad8 20. Qc1 Nxd4 
21. Nxd4 Qe5 22. Nf3 Qf5 23. Bd3 Qh5 24. Ne5 Nc6 25. Nxc6 Bxc6 
26. Rxe8+ Rxe8 27. Qd2 Qh4 28. b3 Bf4 29. Qd1 Be5 30. Qd2 Qf6 
31. Bxe5 Rxe5 32. f4 Rg5 33. Re1 Rd5 34. Qe3 g6 35. f5 gxf5 
36. Bc4 Rd7 37. Rf1 Be4 38. Rf2 Rd1+ 39. Bf1 Qg5 40. Qc3 c6 
41. g3 h5 42. h4 Qg4 43. Qe3 Qh3 44. Qg5+ Kf8 45. Qd8+ Rxd8 
46. Bxh3 Rd1+ 47. Rf1 Bxc2 48. Rxd1 Bxd1 49. a5 Bxb3 50. Bxf5 Be6 
51. Bd3 Ke7 52. Kf2 Kd6 53. Ke3 Bg4 54. Kd4 c5+ 55. Kc4 Bf3 
56. Bc2 Be2+ 57. Kc3 Kd5 58. Bf5 Bf3 59. Bd3 f6 60. Bg6 Be2 
61. Kd2 Bg4 62. Kc3 Bf3 63. Bf5 c4 64. Bg6 Kc5 65. Be8 Bg4 
66. Ba4 Kd5 67. Bc2 f5 68. Bb1 Kc5 69. Bc2 Kb5 70. Bb1 Kxa5 
71. Kxc4 b5+ 72. Kc5 Ka4 73. Kb6 a5 74. Bd3 Kb4 0-1

[Event "Skakligaen 2023-24"]
[Site "Denmark"]
[Date "2024.01.27"]
[Round "5.3"]
[Board "3"]
[White "Svane, Frederik"]
[Black "Schandorff, Lars"]
[Result "1/2-1/2"]
[WhiteElo "2625"]
[BlackElo "2466"]
[PlyCount "99"]
[WhiteTeam "Skanderborg"]
[BlackTeam "Hillerod"]
[EventDate "2023.10.28"]
[EventType "team-tourn"]
[EventRounds "9"]
[EventCountry "DEN"]
[SourceTitle "Live v. Kasper Jerwiarz"]
[Table "3"]

1. e4 e5 2. Nf3 Nc6 3. Bc4 Nf6 4. d3 Bc5 5. c3 d6 
6. O-O a5 7. Bg5 h6 8. Bh4 O-O 9. Nbd2 Ba7 10. a3 g5 
11. Bg3 Nh7 12. Kh1 Kh8 13. b4 f5 14. exf5 Bxf5 15. Qe2 Qd7 
16. b5 Ne7 17. d4 exd4 18. Nxd4 Bxd4 19. cxd4 Rae8 20. Rae1 Nf6 
21. Qf3 b6 22. Qb3 Ng6 23. Qc3 Re7 24. a4 Kh7 25. Rxe7+ Qxe7 
26. f3 Re8 27. Re1 Qd7 28. Rxe8 Qxe8 29. Nf1 Ne7 30. Ne3 Kg7 
31. Nxf5+ Nxf5 32. Bf2 Ne7 33. Qe3 Ng6 34. Qb3 Nf4 35. Kg1 Qe7 
36. Be3 N6d5 37. Bd2 Nb4 38. Kf2 Qf6 39. Be3 Qf5 40. Kf1 d5 
41. Be2 Nxe2 42. Kxe2 Qe6 43. Qc3 c6 44. bxc6 Qxc6 45. Qxc6 Nxc6 
46. Bf2 Na7 47. Be1 b5 48. axb5 Nxb5 49. Bxa5 Nxd4+ 50. Kd3 1/2-1/2

[Event "Skakligaen 2023-24"]
[Site "Denmark"]
[Date "2024.01.27"]
[Round "5.4"]
[Board "4"]
[White "Percivaldi, Martin"]
[Black "Andersen, Mads"]
[Result "1-0"]
[WhiteElo "2382"]
[BlackElo "2615"]
[PlyCount "139"]
[WhiteTeam "Hillerod"]
[BlackTeam "Skanderborg"]
[EventDate "2023.10.28"]
[EventType "team-tourn"]
[EventRounds "9"]
[EventCountry "DEN"]
[SourceTitle "Live v. Kasper Jerwiarz"]
[Table "4"]

1. d4 d5 2. Nf3 Nf6 3. Bf4 c5 4. e3 Nc6 5. Nbd2 cxd4 
6. exd4 Bf5 7. c3 h6 8. Bb5 Qb6 9. Qb3 a6 10. Be2 Qa7 
11. a4 b6 12. Be5 e6 13. Bxf6 gxf6 14. O-O Bd6 15. Rfe1 Kf8 
16. Nf1 Bh7 17. Qd1 Qc7 18. Bd3 Ne7 19. Bxh7 Rxh7 20. Qd3 Rg7 
21. Ng3 Bxg3 22. hxg3 Nf5 23. Rec1 Qc4 24. Qd1 Qc6 25. b3 Kg8 
26. Qd3 Rg4 27. Rc2 Kh8 28. Nh2 Rg6 29. Rcc1 Qb7 30. Nf3 Rg4 
31. c4 dxc4 32. bxc4 Qe4 33. Qxe4 Rxe4 34. Rab1 Nxd4 35. Nxd4 Rxd4 
36. Rxb6 Rc8 37. c5 a5 38. c6 Rd6 39. g4 Kg7 40. Rc4 Kf8 
41. f3 Rc7 42. Rc5 Ke7 43. Ra6 Rd4 44. Raxa5 Kd6 45. Rc2 e5 
46. Kf2 Ke6 47. Ra8 f5 48. gxf5+ Kxf5 49. a5 Rd6 50. Rf8 Rd5 
51. a6 Ra5 52. Ra8 Ra3 53. a7 h5 54. Kg1 Ra1+ 55. Kh2 Ra4 
56. Kg3 Kf6 57. Kf2 Ra3 58. Ke2 Kf5 59. Kd2 Ra6 60. Rc4 Kf6 
61. Kd3 Kf5 62. g3 Ra3+ 63. Kc2 Ke6 64. Kb2 Ra6 65. Rc3 Ke7 
66. Kb3 Ra1 67. Kb4 Kf6 68. Kb5 Rb1+ 69. Kc5 Rbb7 70. Kd6 1-0

[Event "Skakligaen 2023-24"]
[Site "Denmark"]
[Date "2024.01.27"]
[Round "5.5"]
[Board "5"]
[White "Olsen, Filip Boe"]
[Black "Storme, Isak"]
[Result "1-0"]
[WhiteElo "2441"]
[BlackElo "2442"]
[PlyCount "53"]
[WhiteTeam "Skanderborg"]
[BlackTeam "Hillerod"]
[EventDate "2023.10.28"]
[EventType "team-tourn"]
[EventRounds "9"]
[EventCountry "DEN"]
[SourceTitle "Live v. Kasper Jerwiarz"]
[Table "5"]

1. d4 Nf6 2. c4 e6 3. Nc3 Bb4 4. e3 O-O 5. Bd3 d5 
6. a3 Bxc3+ 7. bxc3 dxc4 8. Bxc4 c5 9. Ne2 Qc7 10. Bd3 Nc6 
11. f4 b6 12. O-O Bb7 13. Ng3 Rfd8 14. Qe2 Rac8 15. Bb2 Ne7 
16. e4 Ng6 17. Qd2 cxd4 18. cxd4 b5 19. f5 exf5 20. Rxf5 Re8 
21. Rxf6 gxf6 22. Nh5 Kh8 23. Qh6 Rg8 24. d5 Qb6+ 25. Kh1 Ne5 
26. Nxf6 Rg7 27. Bxe5 1-0

[Event "Skakligaen 2023-24"]
[Site "Denmark"]
[Date "2024.01.27"]
[Round "5.6"]
[Board "6"]
[White "Borge, Nikolaj"]
[Black "Pedersen, Nicolai Vesterbaek"]
[Result "1/2-1/2"]
[WhiteElo "2388"]
[BlackElo "2339"]
[PlyCount "117"]
[WhiteTeam "Hillerod"]
[BlackTeam "Skanderborg"]
[EventDate "2023.10.28"]
[EventType "team-tourn"]
[EventRounds "9"]
[EventCountry "DEN"]
[SourceTitle "Live v. Kasper Jerwiarz"]
[Table "6"]

1. e4 e5 2. Nf3 Nc6 3. Bc4 Nf6 4. d3 h6 5. c3 d6 
6. Nbd2 g5 7. Bb3 Bg7 8. Nf1 d5 9. Ng3 dxe4 10. dxe4 Qxd1+ 
11. Bxd1 Be6 12. Be3 a6 13. Nd2 Ne7 14. h4 gxh4 15. Rxh4 Ng6 
16. Rh1 O-O-O 17. Bb3 Ng4 18. Nf5 Bf6 19. g3 h5 20. Nf3 Nxe3 
21. fxe3 Rh7 22. g4 Rdh8 23. g5 Bd8 24. Ke2 Bd7 25. Rag1 Bb5+ 
26. Kf2 Bd3 27. Nd2 Rf8 28. Bc4 Bxc4 29. Nxc4 f6 30. gxf6 Rxf6 
31. Ke2 Re6 32. Rg2 h4 33. Nd2 Nf8 34. Nf3 Nd7 35. N3xh4 Nc5 
36. Kf3 Re8 37. b3 Reh8 38. Rgh2 Ne6 39. Ke2 Nc5 40. Nf3 Rxh2+ 
41. Rxh2 Rxh2+ 42. Nxh2 Nxe4 43. Kd3 Nf2+ 44. Ke2 Ne4 45. Kd3 Nf2+ 
46. Kd2 Ne4+ 47. Kc2 Kd7 48. Nf1 Ke6 49. N1g3 Nc5 50. b4 Nd7 
51. Nh6 c5 52. Ne4 cxb4 53. cxb4 Be7 54. a3 a5 55. Kb3 axb4 
56. axb4 Bf8 57. Ng4 Kf5 58. Ngf2 Bh6 59. Ng3+ 1/2-1/2

[Event "Skakligaen 2023-24"]
[Site "Denmark"]
[Date "2024.01.27"]
[Round "5.7"]
[Board "7"]
[White "Brondt, Nicolai Kvist"]
[Black "Aagaard, Jacob"]
[Result "1/2-1/2"]
[WhiteElo "2236"]
[BlackElo "2432"]
[PlyCount "116"]
[WhiteTeam "Skanderborg"]
[BlackTeam "Hillerod"]
[EventDate "2023.10.28"]
[EventType "team-tourn"]
[EventRounds "9"]
[EventCountry "DEN"]
[SourceTitle "Live v. Kasper Jerwiarz"]
[Table "7"]

1. c4 e6 2. Nc3 d5 3. d4 Be7 4. Nf3 Nf6 5. Bf4 O-O 
6. e3 c5 7. dxc5 Bxc5 8. Qc2 Nc6 9. a3 Qa5 10. Rc1 Be7 
11. Bg5 d4 12. Bxf6 Bxf6 13. exd4 Nxd4 14. Nxd4 Bxd4 15. Bd3 Qe5+ 
16. Qe2 Bd7 17. Qxe5 Bxe5 18. Ke2 Bc6 19. f3 a5 20. b3 f5 
21. Rc2 Kf7 22. c5 Rfd8 23. Bb5 Bd4 24. Bxc6 bxc6 25. Na4 Rab8 
26. Rb1 Rb5 27. b4 axb4 28. axb4 e5 29. Nb6 Ke6 30. Rc4 Bxc5 
31. Na4 Bd4 32. Rxc6+ Kd5 33. Rc7 Rdb8 34. Nc3+ Bxc3 35. Rxc3 Rxb4 
36. Rd3+ Ke6 37. Rxb4 Rxb4 38. Rd8 Rb7 39. Rh8 h6 40. Rd8 Rb2+ 
41. Kf1 Rb6 42. Rg8 Kf6 43. Re8 Re6 44. Ra8 Kg5 45. Ra4 Rd6 
46. Ke2 Rb6 47. Kf2 Rb2+ 48. Kf1 Rd2 49. Rb4 g6 50. Ra4 h5 
51. h4+ Kf6 52. Ra6+ Kf7 53. g3 Rd4 54. Kf2 f4 55. gxf4 exf4 
56. Kg2 Rd2+ 57. Kh3 Rf2 58. Rf6+ Kxf6 1/2-1/2

[Event "Skakligaen 2023-24"]
[Site "Denmark"]
[Date "2024.01.27"]
[Round "5.8"]
[Board "8"]
[White "Ostergaard, Jens"]
[Black "Grove, Peter"]
[Result "1-0"]
[WhiteElo "2236"]
[BlackElo "2200"]
[PlyCount "73"]
[WhiteTeam "Hillerod"]
[BlackTeam "Skanderborg"]
[EventDate "2023.10.28"]
[EventType "team-tourn"]
[EventRounds "9"]
[EventCountry "DEN"]
[SourceTitle "Live v. Kasper Jerwiarz"]
[Table "8"]

1. d4 d5 2. Nf3 Nf6 3. c4 dxc4 4. Nc3 a6 5. e4 Nc6 
6. e5 Nd5 7. Bxc4 Nb6 8. Be2 Bg4 9. h3 Bh5 10. e6 fxe6 
11. O-O Qd6 12. Ne5 Bxe2 13. Qxe2 Nxd4 14. Qh5+ g6 15. Nxg6 hxg6 
16. Qxh8 O-O-O 17. Be3 e5 18. Rad1 Qf6 19. Qxf6 exf6 20. b3 c5 
21. Kh1 f5 22. g3 Bg7 23. Kg2 Kc7 24. h4 Kc6 25. Rh1 Rh8 
26. f3 Nd7 27. Bg5 b5 28. g4 c4 29. bxc4 bxc4 30. h5 gxh5 
31. Rxh5 Rg8 32. Be3 Nc2 33. Bf2 e4 34. Nd5 exf3+ 35. Kf1 Bf8 
36. Rxf5 Rxg4 37. Nf6 1-0

[Event "Skakligaen 2023-24"]
[Site "Denmark"]
[Date "2024.01.27"]
[Round "5.1"]
[Board "1"]
[White "Hillarp Persson, Tiger"]
[Black "Ochsner, Bjorn Moller"]
[Result "0-1"]
[WhiteElo "2491"]
[BlackElo "2514"]
[PlyCount "94"]
[WhiteTeam "Bronshoj"]
[BlackTeam "AarhusSkolerne"]
[EventDate "2023.10.28"]
[EventType "team-tourn"]
[EventRounds "9"]
[EventCountry "DEN"]
[SourceTitle "Live v. Kasper Jerwiarz"]
[Table "1"]

1. Nf3 c5 2. g3 Nc6 3. c4 g6 4. Nc3 Bg7 5. Bg2 e6 
6. h4 h6 7. d3 Nge7 8. Bd2 b6 9. Qc1 Bb7 10. O-O d6 
11. a3 Qd7 12. b4 Nf5 13. Rb1 Rd8 14. e4 Nfd4 15. Nxd4 Nxd4 
16. Be3 h5 17. Qd1 O-O 18. Ne2 Rc8 19. Rc1 Bc6 20. Nxd4 cxd4 
21. Bd2 b5 22. cxb5 Bxb5 23. Qb3 Ba4 24. Qb1 Rc3 25. Bxc3 dxc3 
26. Bf3 Bd4 27. Bd1 Bb5 28. Qc2 a6 29. a4 Bc6 30. Qb3 Rc8 
31. Kg2 d5 32. Bc2 Rb8 33. Rb1 Kg7 34. Qa3 Qd6 35. Rb3 dxe4 
36. dxe4 Qe5 37. Re1 Rd8 38. b5 Bc5 39. Qa1 Rd2 40. Qxc3 Rxf2+ 
41. Kh3 Bd4 42. Qxc6 g5 43. hxg5 Qxg5 44. Bd1 Be5 45. Qc5 Qh4+ 
46. Kxh4 Rh2+ 47. Kg5 f6# 0-1

[Event "Skakligaen 2023-24"]
[Site "Denmark"]
[Date "2024.01.27"]
[Round "5.2"]
[Board "2"]
[White "Sorensen, Jan"]
[Black "Bromann, Thorbjorn"]
[Result "0-1"]
[WhiteElo "2383"]
[BlackElo "2367"]
[PlyCount "69"]
[WhiteTeam "AarhusSkolerne"]
[BlackTeam "Bronshoj"]
[EventDate "2023.10.28"]
[EventType "team-tourn"]
[EventRounds "9"]
[EventCountry "DEN"]
[SourceTitle "Live v. Kasper Jerwiarz"]
[Table "2"]

1. e4 e6 2. d4 d5 3. Nd2 dxe4 4. Nxe4 Nd7 5. Nf3 Ngf6 
6. Bd3 c5 7. O-O Nxe4 8. Bxe4 Nf6 9. Bg5 Be7 10. Bd3 cxd4 
11. Nxd4 h6 12. Bf4 O-O 13. c4 Qb6 14. Nb5 a6 15. Nc3 Rd8 
16. Qf3 Bd7 17. Rfe1 Bc6 18. Qe2 Qd4 19. Be4 Nxe4 20. Nxe4 f5 
21. Ng3 Qxf4 22. Qxe6+ Kh8 23. Qxe7 Rd7 24. Qe3 Qg4 25. f3 Qxc4 
26. Nxf5 Qc2 27. Qe5 Rf8 28. Nd4 Qxb2 29. Nxc6 Qb6+ 30. Kh1 Qxc6 
31. Rac1 Qa4 32. Qc5 Rfd8 33. a3 Rd3 34. Qe7 Qxa3 35. Qe2 0-1

[Event "Skakligaen 2023-24"]
[Site "Denmark"]
[Date "2024.01.27"]
[Round "5.3"]
[Board "3"]
[White "Pilgaard, Kim"]
[Black "Vinther Schou, Uffe"]
[Result "1-0"]
[WhiteElo "2384"]
[BlackElo "2348"]
[PlyCount "73"]
[WhiteTeam "Bronshoj"]
[BlackTeam "AarhusSkolerne"]
[EventDate "2023.10.28"]
[EventType "team-tourn"]
[EventRounds "9"]
[EventCountry "DEN"]
[SourceTitle "Live v. Kasper Jerwiarz"]
[Table "3"]

1. d4 Nf6 2. c4 e6 3. Nc3 Bb4 4. e3 O-O 5. Bd3 Re8 
6. Nge2 d5 7. O-O Nbd7 8. cxd5 exd5 9. Qb3 Bd6 10. Nxd5 Nxd5 
11. Qxd5 Nc5 12. Bxh7+ Kxh7 13. Qh5+ Kg8 14. dxc5 Re5 15. Qf3 Rxc5 
16. Ng3 Be6 17. b3 Qh4 18. Bb2 Rf5 19. Qe2 Re8 20. Rad1 Rg5 
21. Rd4 Qh7 22. Rfd1 Rg6 23. Qb5 Kf8 24. Qxb7 Rh6 25. h3 Qc2 
26. R4d2 Qg6 27. Qc6 Bc8 28. Qa4 Bxh3 29. Rxd6 cxd6 30. Ba3 Re6 
31. Qxa7 Kg8 32. gxh3 Rxh3 33. Qa8+ Kh7 34. Qg2 Qg4 35. Rd4 f5 
36. Rxg4 fxg4 37. Qd5 1-0

[Event "Skakligaen 2023-24"]
[Site "Denmark"]
[Date "2024.01.27"]
[Round "5.4"]
[Board "4"]
[White "Sobjerg, Erik"]
[Black "Hoi, Carsten"]
[Result "1-0"]
[WhiteElo "2273"]
[BlackElo "2295"]
[PlyCount "81"]
[WhiteTeam "AarhusSkolerne"]
[BlackTeam "Bronshoj"]
[EventDate "2023.10.28"]
[EventType "team-tourn"]
[EventRounds "9"]
[EventCountry "DEN"]
[SourceTitle "Live v. Kasper Jerwiarz"]
[Table "4"]

1. e4 e5 2. Nc3 Nc6 3. f4 Bb4 4. Nf3 d6 5. Bc4 Nf6 
6. O-O Bg4 7. d3 Qd7 8. fxe5 dxe5 9. Bg5 Na5 10. Bb3 Nxb3 
11. axb3 c6 12. Bxf6 gxf6 13. Qd2 h5 14. Nh4 O-O-O 15. Kh1 a6 
16. Qf2 Qd4 17. Nf5 Qxf2 18. Rxf2 h4 19. Ne3 Be6 20. Rxf6 h3 
21. g3 Bc5 22. Re1 Rdg8 23. Rf3 Kc7 24. Nc4 Rg5 25. Ne3 Bd4 
26. Nf5 Bxf5 27. exf5 Bxc3 28. bxc3 f6 29. Re4 a5 30. c4 b5 
31. g4 Kb6 32. Kg1 Rg7 33. Kf2 Ra7 34. cxb5 cxb5 35. d4 Rc8 
36. dxe5 Rxc2+ 37. Re2 Rxe2+ 38. Kxe2 fxe5 39. f6 e4 40. Rf1 Kc6 
41. f7 1-0

[Event "Skakligaen 2023-24"]
[Site "Denmark"]
[Date "2024.01.27"]
[Round "5.7"]
[Board "7"]
[White "Holmsgaard, Henrik"]
[Black "Rendboe, John Filip"]
[Result "1/2-1/2"]
[WhiteElo "2154"]
[BlackElo "2171"]
[PlyCount "47"]
[WhiteTeam "Bronshoj"]
[BlackTeam "AarhusSkolerne"]
[EventDate "2023.10.28"]
[EventType "team-tourn"]
[EventRounds "9"]
[EventCountry "DEN"]
[SourceTitle "Live v. Kasper Jerwiarz"]
[Table "7"]

1. e4 c5 2. Nc3 Nc6 3. Bb5 g6 4. Bxc6 dxc6 5. d3 Bg7 
6. f4 Nf6 7. Nf3 O-O 8. O-O b6 9. Qe1 e6 10. Bd2 b5 
11. e5 Nd5 12. Ne4 c4 13. b4 f6 14. dxc4 bxc4 15. c3 a5 
16. a3 Qc7 17. Nc5 axb4 18. axb4 Rxa1 19. Qxa1 fxe5 20. fxe5 Bxe5 
21. Nxe5 Rxf1+ 22. Qxf1 Qxe5 23. Qxc4 Qf5 24. Qe4 1/2-1/2

[Event "Skakligaen 2023-24"]
[Site "Denmark"]
[Date "2024.01.27"]
[Round "5.8"]
[Board "8"]
[White "Hagen, Kresten Skytte"]
[Black "Thuesen, Mogens Henrik"]
[Result "1/2-1/2"]
[WhiteElo "2134"]
[BlackElo "2095"]
[PlyCount "181"]
[WhiteTeam "AarhusSkolerne"]
[BlackTeam "Bronshoj"]
[EventDate "2023.10.28"]
[EventType "team-tourn"]
[EventRounds "9"]
[EventCountry "DEN"]
[SourceTitle "Live v. Kasper Jerwiarz"]
[Table "8"]

1. Nf3 d5 2. d4 c6 3. c4 e6 4. Qc2 Nf6 5. Bg5 Nbd7 
6. Nbd2 Be7 7. e3 O-O 8. Be2 dxc4 9. Qxc4 Nd5 10. Bxe7 Qxe7 
11. O-O e5 12. dxe5 Nxe5 13. Nxe5 Qxe5 14. Qb3 Qe7 15. Nf3 Be6 
16. Nd4 Nf4 17. Bc4 Bxc4 18. Qxc4 Nd5 19. Nf5 Qf6 20. e4 Nb6 
21. Qc2 Rfe8 22. Rad1 Rad8 23. b3 h5 24. Rfe1 g6 25. Rxd8 Rxd8 
26. Ne3 Qf4 27. h3 Re8 28. Nf1 Nd5 29. f3 Qe5 30. Rd1 Nf4 
31. Qd2 Qg5 32. Kh2 h4 33. Qf2 a5 34. g3 hxg3+ 35. Qxg3 Qb5 
36. Qf2 Qh5 37. Qg3 Ne2 38. Qf2 Qe5+ 39. Kh1 Nf4 40. Qg3 b5 
41. Ne3 Ne2 42. Qxe5 Rxe5 43. Ng4 Rc5 44. Rd2 Nf4 45. Kh2 Kg7 
46. Kg3 Nh5+ 47. Kf2 Nf4 48. h4 Ne6 49. e5 Nf4 50. Ke3 Nd5+ 
51. Kd4 Rc1 52. Rf2 a4 53. bxa4 Rc4+ 54. Kd3 Rxa4 55. Rh2 Ra3+ 
56. Kd4 Rxf3 57. Kc5 Rc3+ 58. Kd6 Rc4 59. Rg2 Nf4 60. Rg1 Ne6 
61. h5 g5 62. Ne3 Re4 63. Nf5+ Kh7 64. Kxc6 Rxe5 65. Nd6 Nd4+ 
66. Kb6 f6 67. Rd1 Nf5 68. Nxb5 Ne3 69. Rd7+ Kh6 70. a4 g4 
71. Kc6 g3 72. Nd4 Re4 73. Ne2 g2 74. Rd6 Kg5 75. h6 Rxa4 
76. h7 Rh4 77. Rd7 f5 78. Rg7+ Kf6 79. Rg3 Rxh7 80. Rxe3 Rg7 
81. Ng1 f4 82. Rf3 Ke5 83. Rf2 Ke4 84. Re2+ Kf5 85. Kd6 Rg3 
86. Rf2 Kg4 87. Ne2 g1=Q 88. Rxf4+ Kg5 89. Nxg1 Kxf4 90. Ne2+ Kf3 
91. Nxg3 1/2-1/2